000 00760nam0a22002651 4500
001 RU\NLR\INFOCOMM_161\5000084802
005 20250613100243.0
010 _914500 экз.
_d3 р. 50 к.
035 _a(NLR Aleph) 009333853
090 _a9470163
_c9470163
100 _a20101018d1959 |||y0rusy50 ca
101 0 _aeng
102 _aRU
105 _aa ||||000|y
200 1 _aMeteors
_fV. Fedynsky
210 _aM.
_cForeign languages publ. house
_d1959
215 _a136 с.
_cил.
_d20 см
686 _aА6-196
_2rubbk
700 1 _9z02790
_aFedynskij
_bV. V.
_f1908-
_gVsevolod Vladimirovič
_4070
790 1 _9z02700
_aFedynsky
_bV.
_4070
801 1 _aRU
_bNLR
_c20101018
801 0 _aRU
_bNLR
_gPSBO
852 _aNLR
_jА-01 Г-3/58
942 _cBOOK
980 _aNB